チェス: 食われないようにしよう #4 - Sudden Death - Statistics

General Stats
  • This quiz has been taken 68 times
  • The average score is 4 of 7
Answers on the Grid
Answers color-coded by a green-red scale on the quiz's grid according to % correct below.
a8
b8
c8
d8
e8
f8
g8
h8
a7
c7
d7
e7
f7
h7
a6
b6
c6
d6
e6
f6
g6
h6
a5
b5
c5
f5
g5
h5
a4
b4
c4
f4
g4
h4
a3
b3
c3
d3
e3
f3
g3
h3
a2
c2
d2
e2
f2
h2
a1
b1
c1
d1
e1
f1
g1
h1
 
Answer Stats
Answer % Correct
a8
70%
h8
67%
f8
53%
c8
50%
h6
47%
a6
43%
h3
37%
No matching quizzes found
Score Distribution
Percent of People with Each Score
Percentile by Number Answered
Your Score History
You have not taken this quiz